En el mundo de los negocios espanhol para fins específicos : traducao dos textos para o portugués
Salvato in:
| Autore principale: | |
|---|---|
| Ente Autore: | |
| Altri autori: | |
| Natura: | Libro |
| Lingua: | tedesco |
| Pubblicazione: |
Bratislava
Ekonomická univerzita v Bratislave
[2001]
|
| Soggetti: | |
| Tags: |
Nessun Tag, puoi essere il primo ad aggiungerne!!
|
MARC
| LEADER | 00000nam$a2200000$$$4500 | ||
|---|---|---|---|
| 001 | 0120485 | ||
| 005 | 20240226122302.5 | ||
| 020 | |a 80-225-1419-5 | ||
| 041 | 0 | |a ger | |
| 044 | |a SK | ||
| 245 | 1 | 0 | |a En el mundo de los negocios |b espanhol para fins específicos : traducao dos textos para o portugués |c Jana Lenghardtová ; do portugalčiny preložila Anna Koláriková |
| 264 | 1 | |a Bratislava |b Ekonomická univerzita v Bratislave |c [2001] | |
| 300 | |a 73 s. | ||
| 610 | 2 | 0 | |a jazykoveda |
| 610 | 2 | 0 | |a terminológia |
| 610 | 2 | 0 | |a jazyky cudzie |
| 610 | 2 | 0 | |a vyučovanie |
| 100 | 1 | |a Lenghardtová, Jana | |
| 700 | 1 | |a Koláriková, Anna | |
| 710 | 2 | |a Leonardo da Vinci | |